Países por Escudo de Armas #1 - Estadísticas

Estadísticas generales
  • Esta prueba ha sido intentada 3.394 veces
  • La puntuación promedio es 13 de 18
Estadísticas de respuestas
Imagen Respuesta % Correcto
España
98%
Estados Unidos
98%
Corea del Sur
96%
Islandia
91%
Alemania
89%
China
89%
Nepal
86%
Grecia
85%
Irán
77%
Israel
75%
Afganistán
73%
Bangladés
67%
Taiwán
65%
Irlanda
53%
Mongolia
50%
Laos
49%
Malasia
37%
Papua Nueva Guinea
18%
No se encontraron pruebas coincidentes
Distribución de puntuación
Porcentaje de gente con cada puntuación
Porcentaje por número respondido
Historial de tus puntuaciones
No has intentado esta prueba.